000
00187 a2200097 4500
020
_a
9780375828850
041
_a
eng
100
_a
Seuss, Theodore
245
_a
Ice it's nice!
942
_c
BK
999
_c
31973
_d
31971